000 00870nam a2200277 a 4500
001 60459
003 BD-RjUL
005 20211209080839.0
008 170101s1978 caub b 001 0 eng
020 _a0803908652
020 _a0803908660
035 _a(BD-RjUL)60583
040 _aLC
_beng
_cLC
_dLC
041 _aeng
082 0 0 _a371.3331
_223
_bJAR 1978
100 1 _aJamison, Dean, T.
_9179927
245 1 0 _aRadio for education and development /
_cDean T. Jamison, Emile G. McAnany.
260 _aBeverly Hills, Calif. :
_bSage Publications,
_cc1978.
300 _a224 p. :
_bill. ;
_c22 cm.
504 _aIncludes Bibliography: p. 165-215. and indexes.
650 0 _aRadio in education.
_9179929
700 1 _aMcAnany, Emile G,
_ejoint author.
_9179930
942 _2ddc
_cBK
999 _c60459
_d60459